| 000 | 00507nam a22001817a 4500 | ||
|---|---|---|---|
| 003 | CEME | ||
| 005 | 20210628205446.0 | ||
| 008 | 210312b xxu||||| |||| 00| 0 eng d | ||
| 020 | _a0-89006-556-X | ||
| 040 | _c. | ||
| 082 | _a621.38833 LUT'V | ||
| 100 |
_aLuther, Arch. C _975651 |
||
| 245 | _aVideo camera technology | ||
| 260 |
_aLONDON _bARTECH HOUSE _c1998 |
||
| 300 | _aXVI, 312P | ||
| 650 |
_aTELEVISION CAMERS CAMCORDERS VIDEO TEPE RECORDERS VIDEO RECORDING-TECHNIQUE _975652 |
||
| 942 |
_cBK _2ddc |
||
| 999 |
_c581047 _d581047 |
||